[Event "Turnaj sv. Jana Nepomuckého, A, 2022,"]
[Site "Nepomuk"]
[Date "2022.09.01"]
[Round "1.1"]
[White "Michalek, Jan"]
[Black "Dolezal, Radoslav"]
[Result "1/2-1/2"]
[WhiteElo "2253"]
[BlackElo "2384"]
[PlyCount "23"]
[EventDate "2022.09.01"]
[EventRounds "9"]
[EventCountry "CZE"]

1. e4 e5 2. Nf3 Nc6 3. Bb5 a6 4. Ba4 Nf6 5. O-O Be7 6. Bxc6 dxc6 7. d3 Nd7 8.
Nbd2 c5 9. Nc4 Bf6 10. b3 O-O 11. Bb2 Re8 12. a4 1/2-1/2

[Event "Turnaj sv. Jana Nepomuckého, A, 2022,"]
[Site "Nepomuk"]
[Date "2022.09.01"]
[Round "1.2"]
[White "Xylogiannopoulos, Antonios"]
[Black "Spirik, Jiri"]
[Result "1-0"]
[WhiteElo "2234"]
[BlackElo "2223"]
[PlyCount "59"]
[EventDate "2022.09.01"]
[EventRounds "9"]
[EventCountry "CZE"]

1. e4 d6 2. d4 Nf6 3. Bd3 g6 4. Nf3 Bg7 5. O-O O-O 6. c3 c5 7. Re1 cxd4 8. cxd4
Nc6 9. h3 a6 10. Nc3 b5 11. Be3 Bb7 12. Rc1 Rc8 13. Bg5 Re8 14. Bb1 b4 15. Na4
Na7 16. Rxc8 Bxc8 17. Be3 Bd7 18. d5 Nc8 19. Nd4 Qa5 20. b3 Bxa4 21. bxa4 Qc7
22. Qb3 a5 23. Rc1 Qb7 24. Nc6 Qa8 25. Qc4 e6 26. dxe6 Rxe6 27. Nd8 Re8 28.
Qxf7+ Kh8 29. Ne6 Re7 30. Rxc8+ 1-0

[Event "Turnaj sv. Jana Nepomuckého, A, 2022,"]
[Site "Nepomuk"]
[Date "2022.09.01"]
[Round "1.3"]
[White "Kopriva, Martin"]
[Black "Flajsman, Pavel"]
[Result "0-1"]
[WhiteElo "2094"]
[BlackElo "2171"]
[PlyCount "114"]
[EventDate "2022.09.01"]
[EventRounds "9"]
[EventCountry "CZE"]

1. c4 e6 2. d4 d5 3. Nc3 Bb4 4. a3 Bxc3+ 5. bxc3 Nf6 6. e3 c5 7. Bd3 dxc4 8.
Bxc4 Qc7 9. Qd3 O-O 10. Ne2 Nc6 11. f4 Na5 12. Ba2 Qc6 13. O-O b5 14. Rf3 Ba6
15. Ng3 Rab8 16. Qc2 Rfd8 17. Bb1 cxd4 18. exd4 Qd5 19. f5 e5 20. Bg5 exd4 21.
Bxf6 gxf6 22. Ba2 Nc4 23. Qc1 dxc3 24. Nh5 Qd2 25. Nxf6+ Kh8 26. Qxc3 Qxc3 27.
Rxc3 Rb6 28. Nh5 Rh6 29. Rh3 Bb7 30. Re1 Rg8 31. Re2 Rxh5 32. Rxh5 Bf3 33. Re7
Rxg2+ 34. Kf1 Nd2+ 35. Ke1 Bxh5 36. Bd5 Nf3+ 37. Kf1 Rg8 38. Rxa7 Nxh2+ 39. Ke1
Re8+ 40. Kf2 Ng4+ 41. Kg3 Ne3 42. Bc6 Rc8 43. Bd7 Rb8 44. Kh4 Be2 45. Kg5 Nd5
46. Kh6 Nf6 47. Kg5 Nd5 48. Kh6 Nf6 49. Kg5 Nxd7 50. Rxd7 Bc4 51. f6 Rg8+ 52.
Kf4 h6 53. Rc7 Ra8 54. Ke5 Rxa3 55. Kd6 Re3 56. Re7 Rd3+ 57. Kc5 Rf3 0-1

[Event "Turnaj sv. Jana Nepomuckého, A, 2022,"]
[Site "Nepomuk"]
[Date "2022.09.01"]
[Round "1.4"]
[White "Jurek, Josef"]
[Black "Brejnik, Gustav"]
[Result "0-1"]
[WhiteElo "2212"]
[BlackElo "2295"]
[PlyCount "62"]
[EventDate "2022.09.01"]
[EventRounds "9"]
[EventCountry "CZE"]

1. Nf3 d5 2. d4 Nf6 3. c4 c6 4. Nc3 e6 5. e3 Nbd7 6. Qc2 Bd6 7. Bd3 dxc4 8.
Bxc4 b5 9. Be2 Bb7 10. O-O O-O 11. Rd1 Qc7 12. Bd2 a6 13. b4 e5 14. dxe5 Nxe5
15. Nxe5 Bxe5 16. f4 Bd6 17. Bf3 c5 18. Ne2 Bxf3 19. gxf3 Rac8 20. Qb3 Qb7 21.
Kf2 Qe7 22. Ng3 c4 23. Qb2 Qe6 24. e4 Qh3 25. Rg1 c3 26. Bxc3 Bxf4 27. Nf5 Rxc3
28. Rxg7+ Kh8 29. Qxc3 Nxe4+ 30. fxe4 Qxc3 31. Rag1 Rd8 0-1

[Event "Turnaj sv. Jana Nepomuckého, A, 2022,"]
[Site "Nepomuk"]
[Date "2022.09.01"]
[Round "1.5"]
[White "Hausner, Ivan"]
[Black "Sprenar, Petr"]
[Result "0-1"]
[WhiteElo "2266"]
[BlackElo "2244"]
[PlyCount "100"]
[EventDate "2022.09.01"]
[EventRounds "9"]
[EventCountry "CZE"]

1. e4 c5 2. Nf3 e6 3. d4 cxd4 4. Nxd4 Nc6 5. Nc3 Qc7 6. Be3 a6 7. Bd3 Nf6 8.
O-O b5 9. Nb3 d6 10. f4 Bb7 11. Qf3 Be7 12. Qh3 h5 13. f5 Ng4 14. fxe6 fxe6 15.
Be2 Nxe3 16. Qxe3 Bf6 17. Qh3 Ke7 18. Rae1 Ne5 19. Nd4 Qd7 20. Rd1 g5 21. Rxf6
Kxf6 22. Nf3 Nxf3+ 23. Qxf3+ Kg6 24. Qg3 e5 25. h4 Qe7 26. hxg5 Rad8 27. Qe3 b4
28. Nd5 Bxd5 29. Rxd5 Qxg5 30. Qxg5+ Kxg5 31. Bxa6 Kf4 32. Bd3 Ke3 33. a3 bxa3
34. bxa3 h4 35. Kh2 Rh6 36. Rb5 h3 37. gxh3 Kf3 38. Bf1 Kf2 39. Rb1 d5 40. exd5
Rg8 41. d6 Rg1 42. c4 Rg8 43. Rd1 e4 44. d7 Rhh8 45. c5 e3 46. Rd3 Kxf1 47.
Rxe3 Rg2+ 48. Kh1 Rc2 49. Rd3 Rd8 50. Rd5 Kf2 0-1

[Event "Turnaj sv. Jana Nepomuckého, A, 2022,"]
[Site "Nepomuk"]
[Date "2022.09.02"]
[Round "2.1"]
[White "Dolezal, Radoslav"]
[Black "Sprenar, Petr"]
[Result "1/2-1/2"]
[WhiteElo "2384"]
[BlackElo "2244"]
[PlyCount "52"]
[EventDate "2022.09.01"]

1. d4 d5 2. Nf3 e6 3. c4 Nf6 4. g3 Be7 5. Bg2 O-O 6. Nbd2 c5 7. dxc5 Bxc5 8.
O-O Nc6 9. a3 a5 10. cxd5 exd5 11. Nb3 Bb6 12. Nbd4 Re8 13. Be3 Rxe3 14. fxe3
Ng4 15. Qd3 Qe7 16. Nc2 Bxe3+ 17. Nxe3 Nxe3 18. Rfc1 Bf5 19. Qd2 Re8 20. Bf1
Qd7 21. Rc5 Bh3 22. b4 Bxf1 23. Rxf1 Nxf1 24. Kxf1 axb4 25. axb4 Qe7 26. Rxd5
Qxb4 1/2-1/2

[Event "Turnaj sv. Jana Nepomuckého, A, 2022,"]
[Site "Nepomuk"]
[Date "2022.09.02"]
[Round "2.2"]
[White "Brejnik, Gustav"]
[Black "Hausner, Ivan"]
[Result "1/2-1/2"]
[WhiteElo "2295"]
[BlackElo "2266"]
[PlyCount "82"]
[EventDate "2022.09.01"]

1. d4 Nf6 2. c4 d6 3. Nc3 Nbd7 4. Nf3 e5 5. g3 c6 6. e4 g6 7. Bg2 Bg7 8. O-O
O-O 9. h3 a5 10. Be3 exd4 11. Nxd4 Re8 12. Qc2 Nc5 13. Rad1 Nfd7 14. b3 Qb6 15.
Nde2 Qc7 16. Rfe1 Ne5 17. f4 Ned7 18. Kh2 Bf8 19. Bf2 Nf6 20. Nd4 Nh5 21. Nf3
Nf6 22. Bxc5 dxc5 23. e5 Bf5 24. Qf2 Nd7 25. g4 Be6 26. Ne4 f5 27. gxf5 Bxf5
28. Rxd7 Bxd7 29. Nf6+ Kh8 30. Nxe8 Rxe8 31. Ng5 Bf5 32. Qh4 Qe7 33. Be4 Bxe4
34. Rxe4 h6 35. Re2 Kg7 36. Nf3 Qxh4 37. Nxh4 Be7 38. Nf3 Kf7 39. Kg3 Ke6 40.
Rd2 b5 41. Kf2 g5 1/2-1/2

[Event "Turnaj sv. Jana Nepomuckého, A, 2022,"]
[Site "Nepomuk"]
[Date "2022.09.02"]
[Round "2.3"]
[White "Flajsman, Pavel"]
[Black "Jurek, Josef"]
[Result "1/2-1/2"]
[WhiteElo "2171"]
[BlackElo "2212"]
[PlyCount "67"]
[EventDate "2022.09.01"]

1. d4 Nf6 2. c4 e6 3. Nf3 d5 4. g3 Be7 5. Bg2 O-O 6. O-O c6 7. Nc3 Nbd7 8. Qd3
b6 9. cxd5 cxd5 10. Bf4 a6 11. Rac1 Bb7 12. Rc2 Nh5 13. Rfc1 Nxf4 14. gxf4 Bd6
15. e3 b5 16. Ne2 Qe7 17. Ng3 g6 18. h4 Rfc8 19. h5 Rxc2 20. Rxc2 Qd8 21. hxg6
hxg6 22. Ne5 Nxe5 23. dxe5 Be7 24. e4 Rc8 25. Rxc8 Qxc8 26. exd5 Qc1+ 27. Nf1
Bxd5 28. Bxd5 exd5 29. Qxd5 Qxf4 30. Ng3 Qc1+ 31. Kg2 Qc5 32. Qe4 Kg7 33. Ne2
Qb4 34. Qxb4 1/2-1/2

[Event "Turnaj sv. Jana Nepomuckého, A, 2022,"]
[Site "Nepomuk"]
[Date "2022.09.02"]
[Round "2.4"]
[White "Spirik, Jiri"]
[Black "Kopriva, Martin"]
[Result "1/2-1/2"]
[WhiteElo "2223"]
[BlackElo "2094"]
[PlyCount "99"]
[EventDate "2022.09.01"]

1. d4 Nf6 2. Nf3 g6 3. c4 Bg7 4. Nc3 O-O 5. e4 d6 6. Be2 e5 7. O-O Nc6 8. d5
Ne7 9. Ne1 Nd7 10. Be3 f5 11. f3 f4 12. Bf2 g5 13. Nd3 Nf6 14. c5 h5 15. Rc1 g4
16. Nb5 g3 17. hxg3 fxg3 18. Bxg3 Bh6 19. Rc2 Rf7 20. Bf2 Rg7 21. Re1 Ng6 22.
Bf1 Nh7 23. g3 Ng5 24. Be3 Bd7 25. c6 bxc6 26. dxc6 Be6 27. Rh2 h4 28. g4 Qf6
29. Rf2 Rf8 30. Bg2 h3 31. Bh1 Nh4 32. Bxg5 Qxg5 33. Kf1 Rgf7 34. Nc3 Bc4 35.
Nd5 Qxg4 36. Ne7+ Kh7 37. Nf5 Rxf5 38. exf5 Qxf5 39. Re4 d5 40. Rxh4 Bxd3+ 41.
Ke1 Rg8 42. Rg4 Be3 43. Rxg8 Kxg8 44. Qb3 Qg6 45. Qxd5+ Kf8 46. Qd8+ Kf7 47.
Qxc7+ Kf8 48. Qd8+ Kf7 49. Qd7+ Kf8 50. Qd8+ 1/2-1/2

[Event "Turnaj sv. Jana Nepomuckého, A, 2022,"]
[Site "Nepomuk"]
[Date "2022.09.02"]
[Round "2.5"]
[White "Michalek, Jan"]
[Black "Xylogiannopoulos, Antonios"]
[Result "1/2-1/2"]
[WhiteElo "2253"]
[BlackElo "2234"]
[PlyCount "54"]
[EventDate "2022.09.01"]

1. Nf3 d5 2. g3 g6 3. Bg2 Bg7 4. d3 e5 5. O-O Nc6 6. Nbd2 Nge7 7. Rb1 O-O 8. c4
h6 9. b4 dxc4 10. Nxc4 Nd5 11. Bd2 Re8 12. b5 Nd4 13. e3 Nxf3+ 14. Bxf3 Nb6 15.
Qc2 Nxc4 16. Qxc4 Be6 17. Qc2 Bf5 18. Rb3 Be6 19. Rc3 e4 20. Bxe4 Bxc3 21. Qxc3
Bd5 22. Bxd5 Qxd5 23. Bc1 Qe5 24. Qb3 Qe6 25. Qc3 Qe5 26. Qb3 Qe6 27. Qc3 Qe5
1/2-1/2

[Event "Turnaj sv. Jana Nepomuckého, A, 2022,"]
[Site "Nepomuk"]
[Date "2022.09.03"]
[Round "3.1"]
[White "Xylogiannopoulos, Antonios"]
[Black "Dolezal, Radoslav"]
[Result "1/2-1/2"]
[WhiteElo "2234"]
[BlackElo "2384"]
[PlyCount "32"]
[EventDate "2022.09.01"]

1. e4 e5 2. Nf3 Nc6 3. Nc3 Nf6 4. d4 exd4 5. Nxd4 Bb4 6. Nxc6 bxc6 7. Bd3 O-O
8. O-O Re8 9. Bg5 h6 10. Bh4 Be7 11. Qf3 d6 12. h3 Nd7 13. Bxe7 Qxe7 14. Rfe1
Qg5 15. Re3 Rb8 16. b3 Ne5 1/2-1/2

[Event "Turnaj sv. Jana Nepomuckého, A, 2022,"]
[Site "Nepomuk"]
[Date "2022.09.03"]
[Round "3.2"]
[White "Kopriva, Martin"]
[Black "Michalek, Jan"]
[Result "1/2-1/2"]
[WhiteElo "2094"]
[BlackElo "2253"]
[PlyCount "85"]
[EventDate "2022.09.01"]

1. d4 Nf6 2. c4 d6 3. Nc3 Nbd7 4. g3 e5 5. Bg2 g6 6. dxe5 dxe5 7. Nf3 Bg7 8.
O-O O-O 9. b3 Re8 10. e4 c6 11. Qe2 Qe7 12. Bb2 Bf8 13. Rfd1 Qb4 14. Rac1 Nc5
15. h3 Qa5 16. Kh2 Nh5 17. Qe3 f6 18. Rc2 Be6 19. Rcd2 Be7 20. Ne1 Red8 21. Bf3
Rxd2 22. Rxd2 Ng7 23. Bg4 Qc7 24. Nd3 Nxd3 25. Rxd3 f5 26. exf5 gxf5 27. Be2
Bf8 28. Qg5 Qe7 29. Qh6 Qf7 30. Nd1 e4 31. Rd2 Bb4 32. Nc3 Be7 33. Nd1 Bb4 34.
Nc3 Qg6 35. Qf4 Re8 36. a3 Be7 37. h4 Bf8 38. Nd1 Bc8 39. Ne3 Nh5 40. Qc7 Ng7
41. Qf4 Nh5 42. Qc7 Ng7 43. Qf4 1/2-1/2

[Event "Turnaj sv. Jana Nepomuckého, A, 2022,"]
[Site "Nepomuk"]
[Date "2022.09.03"]
[Round "3.3"]
[White "Jurek, Josef"]
[Black "Spirik, Jiri"]
[Result "1-0"]
[WhiteElo "2212"]
[BlackElo "2223"]
[PlyCount "171"]
[EventDate "2022.09.01"]

1. d4 Nf6 2. c4 g6 3. Nf3 Bg7 4. g3 c6 5. Bg2 d5 6. cxd5 cxd5 7. Nc3 Nc6 8. O-O
O-O 9. Ne5 Be6 10. Nxc6 bxc6 11. Bf4 Nd7 12. Qd2 Qb6 13. Rfd1 Rfd8 14. Rac1
Rac8 15. b3 Qa5 16. Bh6 f6 17. Bxg7 Kxg7 18. Na4 Qxd2 19. Rxd2 Bf5 20. Nc5 Nxc5
21. Rxc5 e5 22. e3 Kf7 23. f3 Ke7 24. Ra5 Rc7 25. b4 exd4 26. Rxd4 Be6 27. Bf1
Kd6 28. Rc5 Rb7 29. a3 Ra8 30. Ba6 Rb6 31. Ra5 Re8 32. Kf2 Re7 33. Rf4 Rf7 34.
Bd3 g5 35. Rd4 h6 36. e4 Rc7 37. Rc5 a5 38. Rxa5 c5 39. bxc5+ Rxc5 40. Rxc5
Kxc5 41. Ke3 Rb2 42. h4 dxe4 43. Rxe4 Bd5 44. Ra4 Rb3 45. f4 gxh4 46. gxh4 Bc6
47. Ra5+ Kb6 48. Rf5 Rxa3 49. Rxf6 Kc5 50. Rxh6 Bd5 51. Rh8 Kd6 52. Rd8+ Ke6
53. h5 Bc4 54. h6 Bxd3 55. Rxd3 Ra1 56. Rb3 Rh1 57. Ke4 Re1+ 58. Kf3 Kf5 59. h7
Rh1 60. Rb7 Rh3+ 61. Kg2 Rh6 62. Kg3 Rh1 63. Kg2 Rh6 64. Kg3 Rh1 65. Rb5+ Kf6
66. Kg4 Rg1+ 67. Kf3 Rh1 68. Rb7 Kf5 69. Ra7 Rh3+ 70. Kg2 Rh6 71. Kg3 Rh1 72.
Ra5+ Kf6 73. Kg4 Rg1+ 74. Kf3 Rh1 75. Ke4 Re1+ 76. Kd5 Rd1+ 77. Kc6 Rh1 78. Ra7
Rh2 79. Rd7 Kg6 80. Kd6 Kf6 81. Kc7 Kg6 82. Kd8 Ra2 83. Ke8 Ra8+ 84. Rd8 Rxd8+
85. Kxd8 Kxh7 86. Ke7 1-0

[Event "Turnaj sv. Jana Nepomuckého, A, 2022,"]
[Site "Nepomuk"]
[Date "2022.09.03"]
[Round "3.4"]
[White "Hausner, Ivan"]
[Black "Flajsman, Pavel"]
[Result "1/2-1/2"]
[WhiteElo "2266"]
[BlackElo "2171"]
[PlyCount "29"]
[EventDate "2022.09.01"]

1. Nf3 d5 2. g3 Nf6 3. Bg2 c5 4. d3 Nc6 5. Nbd2 e5 6. e4 Be7 7. O-O O-O 8. a4
Re8 9. c3 Bf8 10. Re1 Rb8 11. exd5 Nxd5 12. Nc4 f6 13. a5 Be6 14. Nh4 Qd7 15.
Be4 1/2-1/2

[Event "Turnaj sv. Jana Nepomuckého, A, 2022,"]
[Site "Nepomuk"]
[Date "2022.09.03"]
[Round "3.5"]
[White "Sprenar, Petr"]
[Black "Brejnik, Gustav"]
[Result "1/2-1/2"]
[WhiteElo "2244"]
[BlackElo "2295"]
[PlyCount "49"]
[EventDate "2022.09.01"]

1. d4 Nf6 2. c4 g6 3. Nc3 d5 4. cxd5 Nxd5 5. e4 Nxc3 6. bxc3 Bg7 7. Nf3 c5 8.
Rb1 O-O 9. Be2 cxd4 10. cxd4 Qa5+ 11. Bd2 Qxa2 12. O-O Bg4 13. Rxb7 Bxf3 14.
Bxf3 Bxd4 15. e5 Na6 16. Rxe7 Rad8 17. e6 fxe6 18. Qe1 Nc5 19. Bc3 Nd3 20. Bxd4
Nxe1 21. Rg7+ Kh8 22. Rd7+ Kg8 23. Rg7+ Kh8 24. Rd7+ Kg8 25. Rg7+ 1/2-1/2

[Event "Turnaj sv. Jana Nepomuckého, A, 2022,"]
[Site "Nepomuk"]
[Date "2022.09.04"]
[Round "4.1"]
[White "Dolezal, Radoslav"]
[Black "Brejnik, Gustav"]
[Result "1/2-1/2"]
[WhiteElo "2384"]
[BlackElo "2295"]
[PlyCount "20"]
[EventDate "2022.09.01"]

1. d4 d5 2. c4 c6 3. cxd5 cxd5 4. Nc3 Nf6 5. Nf3 Nc6 6. Bf4 a6 7. e3 Bg4 8. Be2
e6 9. O-O Bd6 10. Bxd6 Qxd6 1/2-1/2

[Event "Turnaj sv. Jana Nepomuckého, A, 2022,"]
[Site "Nepomuk"]
[Date "2022.09.04"]
[Round "4.2"]
[White "Flajsman, Pavel"]
[Black "Sprenar, Petr"]
[Result "0-1"]
[WhiteElo "2171"]
[BlackElo "2244"]
[PlyCount "118"]
[EventDate "2022.09.01"]

1. d4 d5 2. c4 e6 3. Nc3 Bb4 4. cxd5 exd5 5. Bf4 c6 6. e3 Bf5 7. Qb3 Qb6 8. Nf3
Nf6 9. Be2 Ne4 10. Rc1 Nd7 11. O-O Bd6 12. Bxd6 Qxb3 13. axb3 Nxd6 14. b4 a6
15. Na4 a5 16. b5 Nxb5 17. Bxb5 cxb5 18. Nc5 b6 19. Na6 Ke7 20. Nc7 Rac8 21.
Nxd5+ Kd6 22. Nc3 b4 23. Nb5+ Ke7 24. Na7 Rxc1 25. Rxc1 Ra8 26. Nc8+ Kd8 27.
Nd6 Bg6 28. d5 Ke7 29. Nc8+ Kf8 30. Nd2 a4 31. Nd6 Nc5 32. e4 Nd3 33. Rb1 a3
34. bxa3 bxa3 35. Nb3 a2 36. Rd1 Nc5 37. Na1 Nxe4 38. Nxe4 Bxe4 39. f3 Bb1 40.
Kf2 Ke7 41. Rd2 Kd6 42. Rb2 Kc5 43. Ke3 Ra3+ 44. Kd2 Rd3+ 45. Kc1 Rc3+ 46. Kd2
Rc4 47. Kd1 b5 48. Rd2 Kd6 49. Nb3 Rc5 50. Re2 Kxd5 51. Na1 Kc4 52. Re7 Kc3 53.
Kc1 b4 54. Rxf7 Bd3 55. Ra7 b3 56. Ra3 Bc4 57. f4 Ra5 58. Rxa5 b2+ 59. Kd1
b1=Q# 0-1

[Event "Turnaj sv. Jana Nepomuckého, A, 2022,"]
[Site "Nepomuk"]
[Date "2022.09.04"]
[Round "4.3"]
[White "Spirik, Jiri"]
[Black "Hausner, Ivan"]
[Result "1/2-1/2"]
[WhiteElo "2223"]
[BlackElo "2266"]
[PlyCount "24"]
[EventDate "2022.09.01"]

1. d4 e6 2. c4 b6 3. Nf3 Nf6 4. Nc3 Bb4 5. Bd2 Bb7 6. e3 Bxc3 7. Bxc3 Ne4 8.
Rc1 O-O 9. Be2 d6 10. O-O Nd7 11. Nd2 Ndf6 12. Bf3 Nxc3 1/2-1/2

[Event "Turnaj sv. Jana Nepomuckého, A, 2022,"]
[Site "Nepomuk"]
[Date "2022.09.04"]
[Round "4.4"]
[White "Michalek, Jan"]
[Black "Jurek, Josef"]
[Result "1/2-1/2"]
[WhiteElo "2253"]
[BlackElo "2212"]
[PlyCount "67"]
[EventDate "2022.09.01"]

1. e4 e6 2. d4 d5 3. Nc3 Bb4 4. e5 c5 5. a3 Bxc3+ 6. bxc3 Ne7 7. Qg4 Qc7 8.
Qxg7 Rg8 9. Qxh7 cxd4 10. Ne2 dxc3 11. f4 Nbc6 12. Qd3 d4 13. Nxd4 Nxd4 14.
Qxd4 Bd7 15. Rg1 Nf5 16. Qf2 Qc6 17. Bd3 Qd5 18. Bxf5 exf5 19. Be3 Ba4 20. Rd1
Qe4 21. Rd4 Qxc2 22. Qxc2 Bxc2 23. Rc4 Be4 24. Rxc3 Rxg2 25. Rxg2 Bxg2 26. h4
Bd5 27. Rc7 b6 28. a4 Kf8 29. a5 bxa5 30. Rc5 Be6 31. Rxa5 a6 32. Bc5+ Kg7 33.
Be7 Kg6 34. Kf2 1/2-1/2

[Event "Turnaj sv. Jana Nepomuckého, A, 2022,"]
[Site "Nepomuk"]
[Date "2022.09.04"]
[Round "4.5"]
[White "Xylogiannopoulos, Antonios"]
[Black "Kopriva, Martin"]
[Result "1/2-1/2"]
[WhiteElo "2234"]
[BlackElo "2094"]
[PlyCount "80"]
[EventDate "2022.09.01"]

1. e4 c5 2. c3 d5 3. exd5 Qxd5 4. d4 e6 5. Nf3 Nf6 6. Na3 Qd8 7. Nc4 Nc6 8.
Nce5 cxd4 9. Bb5 Qd5 10. c4 Qe4+ 11. Kf1 Bd7 12. Nxf7 Rg8 13. Bxc6 Bxc6 14.
N7e5 O-O-O 15. Qd3 Qxd3+ 16. Nxd3 Bxf3 17. gxf3 Bd6 18. Bg5 h6 19. Bh4 e5 20.
Re1 Rge8 21. Kg2 g5 22. Bg3 e4 23. fxe4 Nxe4 24. Bxd6 Nxd6 25. b3 Nf5 26. Rxe8
Nh4+ 27. Kg3 Rxe8 28. Re1 Rxe1 29. Nxe1 Kd7 30. Kg4 Ke6 31. f4 Kf6 32. Nd3 Ng6
33. fxg5+ hxg5 34. Nc5 Ne5+ 35. Kg3 d3 36. Ne4+ Kf5 37. Nd6+ Ke6 38. Ne4 Kf5
39. Nd6+ Ke6 40. Ne4 Kf5 1/2-1/2

[Event "Turnaj sv. Jana Nepomuckého, A, 2022,"]
[Site "Nepomuk"]
[Date "2022.09.05"]
[Round "5.3"]
[White "Hausner, Ivan"]
[Black "Michalek, Jan"]
[Result "1-0"]
[WhiteElo "2266"]
[BlackElo "2253"]
[PlyCount "57"]
[EventDate "2022.09.01"]

1. c4 Nf6 2. Nc3 c5 3. Nf3 g6 4. d4 cxd4 5. Nxd4 Nc6 6. g3 d6 7. Bg2 Bd7 8. O-O
Bg7 9. c5 dxc5 10. Nxc6 Bxc6 11. Bxc6+ bxc6 12. Qc2 h5 13. Bg5 h4 14. Bxh4 Qd7
15. Ne4 Nd5 16. Rad1 Rb8 17. Nxc5 Qh3 18. Ne4 Rxh4 19. gxh4 Be5 20. Qxc6+ Kf8
21. Ng3 Nf4 22. Rd2 Qxh4 23. e3 Nh5 24. b3 Kg8 25. Kg2 Nf6 26. h3 Kg7 27. Qc4
Qh6 28. Ne4 Rh8 29. Rh1 1-0

[Event "Turnaj sv. Jana Nepomuckého, A, 2022,"]
[Site "Nepomuk"]
[Date "2022.09.05"]
[Round "5.4"]
[White "Sprenar, Petr"]
[Black "Spirik, Jiri"]
[Result "1-0"]
[WhiteElo "2244"]
[BlackElo "2223"]
[PlyCount "69"]
[EventDate "2022.09.01"]

1. e4 d6 2. d4 g6 3. Nc3 Nf6 4. Be3 c6 5. f3 b5 6. Qd2 Nbd7 7. O-O-O Qc7 8. Kb1
Nb6 9. Bh6 b4 10. Nce2 Nc4 11. Qg5 Qa5 12. Qxa5 Nxa5 13. Bxf8 Kxf8 14. Nf4 Kg7
15. e5 Nd5 16. Nxd5 cxd5 17. exd6 exd6 18. Ne2 Nc4 19. Nf4 Bb7 20. Bd3 Rhe8 21.
Rde1 Bc6 22. Kc1 a5 23. Rxe8 Rxe8 24. b3 Nb6 25. Kd2 f5 26. h4 Kf6 27. g4 Bd7
28. g5+ Kg7 29. h5 Be6 30. Bb5 Re7 31. Re1 Kf7 32. hxg6+ hxg6 33. Bc6 Bd7 34.
Rxe7+ Kxe7 35. Bxd7 1-0

[Event "Turnaj sv. Jana Nepomuckého, A, 2022,"]
[Site "Nepomuk"]
[Date "2022.09.05"]
[Round "5.5"]
[White "Brejnik, Gustav"]
[Black "Flajsman, Pavel"]
[Result "0-1"]
[WhiteElo "2295"]
[BlackElo "2171"]
[PlyCount "98"]
[EventDate "2022.09.01"]

1. d4 d5 2. c4 e6 3. Nf3 Nf6 4. g3 Bb4+ 5. Bd2 Be7 6. Bg2 O-O 7. O-O c6 8. Qc2
Nbd7 9. Rd1 b6 10. Bf4 Ba6 11. b3 Rc8 12. Nbd2 c5 13. e3 b5 14. dxc5 Bxc5 15.
Ne5 Nxe5 16. Bxe5 Ng4 17. Qb2 Qb6 18. b4 Bxe3 19. c5 Bxf2+ 20. Kh1 Bxc5 21.
bxc5 Nf2+ 22. Kg1 Qxc5 23. Nb3 Nxd1+ 24. Nxc5 Nxb2 25. Nxa6 Nd3 26. Bd4 Rc4 27.
Be3 d4 28. Bf1 dxe3 29. Bxd3 Rd4 30. Bxb5 Rc8 31. a4 h5 32. Re1 Rc3 33. Nb8 Rd6
34. Kg2 Rd2+ 35. Kf3 Rxh2 36. Rxe3 Rcc2 37. Kf4 h4 38. gxh4 Rxh4+ 39. Ke5 Rh5+
40. Ke4 Rh4+ 41. Ke5 Rd2 42. Bc6 Rb4 43. Na6 f6+ 44. Kxe6 Rb6 45. Nb4 Rxb4 46.
Ke7 Rdd4 47. a5 Ra4 48. Bd7 Rxd7+ 49. Kxd7 Rxa5 0-1

[Event "Turnaj sv. Jana Nepomuckého, A, 2022,"]
[Site "Nepomuk"]
[Date "2022.09.06"]
[Round "6.1"]
[White "Dolezal, Radoslav"]
[Black "Flajsman, Pavel"]
[Result "1/2-1/2"]
[WhiteElo "2384"]
[BlackElo "2171"]
[PlyCount "20"]
[EventDate "2022.09.01"]

1. d4 d5 2. Nf3 Nf6 3. c4 e6 4. Bg5 Bb4+ 5. Nc3 h6 6. Bxf6 Qxf6 7. e3 O-O 8.
Qb3 Bxc3+ 9. Qxc3 c6 10. Bd3 Nd7 1/2-1/2

[Event "Turnaj sv. Jana Nepomuckého, A, 2022,"]
[Site "Nepomuk"]
[Date "2022.09.06"]
[Round "6.2"]
[White "Spirik, Jiri"]
[Black "Brejnik, Gustav"]
[Result "0-1"]
[WhiteElo "2223"]
[BlackElo "2295"]
[PlyCount "66"]
[EventDate "2022.09.01"]

1. d4 d5 2. Nf3 Nf6 3. c4 c6 4. Nc3 e6 5. e3 Nbd7 6. Be2 Bd6 7. O-O O-O 8. b3
b6 9. Bb2 Bb7 10. Qc2 Qe7 11. Rad1 Rad8 12. Rfe1 Rfe8 13. Bf1 e5 14. cxd5 e4
15. Nh4 cxd5 16. Nf5 Bxh2+ 17. Kxh2 Qe6 18. Nh4 g5 19. Be2 gxh4 20. Rh1 Nf8 21.
Ba3 Rc8 22. Bxf8 Rxf8 23. Qb2 Ng4+ 24. Kg1 Qf5 25. Rf1 Qg5 26. Rc1 f5 27. Qd2
Kh8 28. Bxg4 Qxg4 29. Nb5 Rg8 30. Rh2 Rxc1+ 31. Qxc1 Rc8 32. Qd2 Ba6 33. Nd6
Qe2 0-1

[Event "Turnaj sv. Jana Nepomuckého, A, 2022,"]
[Site "Nepomuk"]
[Date "2022.09.06"]
[Round "6.4"]
[White "Xylogiannopoulos, Antonios"]
[Black "Hausner, Ivan"]
[Result "1/2-1/2"]
[WhiteElo "2234"]
[BlackElo "2266"]
[PlyCount "49"]
[EventDate "2022.09.01"]

1. e4 c5 2. c3 d5 3. exd5 Qxd5 4. d4 e6 5. Nf3 Nf6 6. Na3 Qd8 7. Nc4 Nc6 8. Be3
cxd4 9. Nxd4 Nxd4 10. Bxd4 Be7 11. Bd3 O-O 12. Qe2 Qc7 13. O-O Qf4 14. Be5 Qh6
15. Rad1 b6 16. Nd6 Bd7 17. Qf3 Rad8 18. b3 Nd5 19. c4 Nb4 20. Bb1 Bc6 21. Qg3
Ba8 22. a3 Nc6 23. Bf4 Qh5 24. Bc2 g6 25. Be3 1/2-1/2

[Event "Turnaj sv. Jana Nepomuckého, A, 2022,"]
[Site "Nepomuk"]
[Date "2022.09.06"]
[Round "6.5"]
[White "Kopriva, Martin"]
[Black "Jurek, Josef"]
[Result "1/2-1/2"]
[WhiteElo "2094"]
[BlackElo "2212"]
[PlyCount "41"]
[EventDate "2022.09.01"]

1. e4 e6 2. d4 d5 3. e5 Ne7 4. Nf3 b6 5. c3 Qd7 6. Na3 Ba6 7. Bxa6 Nxa6 8. Qe2
Nb8 9. h4 h6 10. O-O c6 11. h5 Qb7 12. Nh4 Qa6 13. Qg4 Qd3 14. Be3 Nd7 15. Rad1
Qh7 16. c4 Qe4 17. Qh3 Nf5 18. Nxf5 Qxf5 19. Qxf5 exf5 20. cxd5 Bxa3 21. dxc6
1/2-1/2

[Event "Turnaj sv. Jana Nepomuckého, A, 2022,"]
[Site "Nepomuk"]
[Date "2022.09.07"]
[Round "7.3"]
[White "Sprenar, Petr"]
[Black "Xylogiannopoulos, Antonios"]
[Result "1/2-1/2"]
[WhiteElo "2244"]
[BlackElo "2234"]
[PlyCount "23"]
[EventDate "2022.09.01"]

1. d4 d5 2. c4 dxc4 3. Nf3 Nf6 4. e3 Bg4 5. Bxc4 e6 6. O-O a6 7. h3 Bh5 8. g4
Bg6 9. Ne5 Nbd7 10. Nxg6 hxg6 11. Kg2 Ne4 12. f4 1/2-1/2

[Event "Turnaj sv. Jana Nepomuckého, A, 2022,"]
[Site "Nepomuk"]
[Date "2022.09.07"]
[Round "7.4"]
[White "Brejnik, Gustav"]
[Black "Michalek, Jan"]
[Result "1/2-1/2"]
[WhiteElo "2295"]
[BlackElo "2253"]
[PlyCount "28"]
[EventDate "2022.09.01"]

1. d4 Nf6 2. c4 g6 3. g3 Bg7 4. Bg2 O-O 5. Nc3 d6 6. Nf3 Nc6 7. O-O e5 8. dxe5
dxe5 9. Bg5 h6 10. Qxd8 Rxd8 11. Bxf6 Bxf6 12. Nd5 Kg7 13. e4 Be6 14. Rfd1 Rd7
1/2-1/2

[Event "Turnaj sv. Jana Nepomuckého, A, 2022,"]
[Site "Nepomuk"]
[Date "2022.09.07"]
[Round "7.5"]
[White "Flajsman, Pavel"]
[Black "Spirik, Jiri"]
[Result "1-0"]
[WhiteElo "2171"]
[BlackElo "2223"]
[PlyCount "87"]
[EventDate "2022.09.01"]

1. d4 Nf6 2. Nf3 b6 3. c4 e6 4. a3 Be7 5. Nc3 Bb7 6. d5 O-O 7. e4 exd5 8. cxd5
d6 9. Bd3 c5 10. O-O Nbd7 11. Re1 Ng4 12. h3 Nge5 13. Nxe5 Nxe5 14. Bc2 Bf6 15.
f4 Nd7 16. Qd3 g6 17. Be3 a6 18. a4 Re8 19. Bf2 Qc8 20. Bb3 Bg7 21. Bc4 Qc7 22.
Rad1 Qc8 23. Rd2 Bh6 24. Bg3 Bg7 25. Kh2 Bd4 26. Ne2 Bg7 27. Ng1 Nf6 28. Kh1
Nh5 29. Bh2 Bh6 30. Rf2 f5 31. e5 Nf6 32. Nf3 Ne4 33. Rfe2 Qd7 34. b3 Bg7 35.
Nd2 dxe5 36. fxe5 Bxe5 37. Nxe4 fxe4 38. Qxe4 b5 39. Bxe5 bxc4 40. bxc4 Qxa4
41. Qh4 Rf8 42. Bb8 Bxd5 43. Re7 Bf7 44. Be5 1-0